Cyclisme: Les coureurs victorieux sur les 3 Grands Tours (21è siècle) - Statistiques

Statistiques générales
  • Ce quiz a été pris 1 329 fois
    862 depuis la dernière actualisation
  • Le résultat moyen est 17 sur 46
Statistiques - réponses
Première Victoire Dernière Victoire Nat Coureur Giro Tour Vuelta % Correct
2019 2024 🇸🇮 Tadej Pogacar 6 17 3
96%
2016 2023 🇸🇮 Primož Roglič 4 3 12
84%
2022 2024 🇧🇪 Remco Evenepoel 2 1 5
81%
2011 2018 🇬🇧 Christopher Froome 2 7 5
80%
2017 2024 🇫🇷 Julian Alaphilippe 1 6 1
77%
2008 2024 🇬🇧 Mark Cavendish 17 35 3
74%
2010 2019 🇮🇹 Vincenzo Nibali 7 6 1
72%
2018 2024 🇪🇨 Richard Carapaz 3 1 3
71%
2022 2023 🇩🇰 Mads Pedersen 2 1 3
67%
2011 2021 🇸🇰 Peter Sagan 2 12 4
67%
2012 2019 🇫🇷 Thibaut Pinot 1 3 2
66%
2013 2019 🇨🇴 Nairo Quintana 3 3 2
63%
2017 2023 🇸🇮 Matej Mohorič 1 3 1
59%
2003 2019 🇪🇸 Alejandro Valverde 1 4 12
54%
2011 2017 🇩🇪 Marcel Kittel 4 14 1
51%
2009 2017 🇩🇪 André Greipel 7 11 4
49%
2011 2021 🇮🇪 Dan Martin 1 2 2
45%
2009 2019 🇧🇪 Philippe Gilbert 3 1 7
42%
2016 2022 🇬🇧 Simon Yates 6 2 2
40%
2015 2018 🇳🇱 Tom Dumoulin 4 3 2
39%
2018 2022 🇮🇪 Sam Bennett 3 2 5
36%
2015 2021 🇦🇺 Caleb Ewan 5 5 1
33%
2014 2017 🇮🇹 Fabio Aru 3 1 2
32%
2003 2015 🇪🇸 Joaquim Rodríguez 2 3 9
30%
2016 2023 🇩🇰 Magnus Cort Nielsen 1 2 6
29%
2013 2023 🇦🇺 Michael Matthews 3 4 3
29%
2001 2011 🇳🇴 Thor Hushovd 1 10 3
29%
2020 2023 🇩🇪 Lennard Kamna 1 1 1
24%
2013 2022 🇨🇴 Rigoberto Urán 2 1 1
24%
2000 2011 🇮🇹 Alessandro Petacchi 22 6 20
22%
2004 2012 🇷🇺 Denis Menchov 2 1 5
22%
2011 2018 🇩🇪 John Degenkolb 1 1 10
20%
2015 2019 🇮🇹 Elia Viviani 5 1 3
19%
2000 2008 🇮🇹 Paolo Bettini 2 1 5
16%
2012 2022 🇧🇪 Thomas de Gendt 2 2 1
16%
2008 2013 🇦🇺 Simon Gerrans 1 2 1
12%
2013 2019 🇮🇹 Matteo Trentin 1 3 4
11%
2015 2018 🇦🇺 Rohan Dennis 1 1 2
11%
2012 2023 🇪🇸 Ion Izagirre 1 2 1
10%
2009 2012 🇺🇸 Tyler Farrar 2 1 3
7%
2001 2012 🇬🇧 David Millar 1 4 5
5%
2000 2007 🇮🇹 Gilberto Simoni 8 1 2
3%
2007 2011 🇮🇹 Daniele Bennati 3 2 6
2%
2002 2004 🇪🇸 Aitor González 3 1 3
1%
2001 2012 🇪🇸 Pablo Lastras 1 1 3
1%
2001 2009 🇪🇸 Juan Manuel Gárate 1 1 1
0%
Aucun quiz correspondant
Distribution des résultats
% des personnes avec chaque résultat
Percentile par nombre de réponses
Votre historique - résultats
Vous n’avez pas pris ce quiz depuis la dernière actualisation